| 000 | 00465nam a2200205Ia 4500 | ||
|---|---|---|---|
| 005 | 20250425162712.0 | ||
| 008 | 250425s9999 xx 000 0 und d | ||
| 041 | _aeng | ||
| 043 | _amx | ||
| 082 | _a594 | ||
| 100 | _aGUERRA RODRIGUEZ, DIODORO | ||
| 245 | 0 | _aELEVENTH INTERNATIONAL PECTINID WORKSHOP | |
| 250 | _aS.E | ||
| 260 | _aLA PAZ | ||
| 260 |
_aMéxico _bCICIMAR _c1997 |
||
| 300 | _a191 | ||
| 650 | _aMOLUSCOS | ||
| 942 | _c01 | ||
| 010 | _a97890 | ||
| 999 |
_c234693 _d234693 |
||